Effects of Basella rubra Linn. (alugbati) fortified ice cream on the blood sugar level of Rattus norvegicus (albino mice) / (Record no. 74198)
[ view plain ]
| 000 -LEADER | |
|---|---|
| fixed length control field | 03169nam a22003377i 4500 |
| 003 - CONTROL NUMBER IDENTIFIER | |
| control field | URS |
| 005 - DATE AND TIME OF LATEST TRANSACTION | |
| control field | 20240416181535.0 |
| 008 - FIXED-LENGTH DATA ELEMENTS--GENERAL INFORMATION | |
| fixed length control field | 180604b xxu||||| |||| 00| 0 eng d |
| 041 ## - LANGUAGE CODE | |
| Language code of text/sound track or separate title | eng |
| 043 ## - GEOGRAPHIC AREA CODE | |
| Geographic area code | a-ph--- |
| 050 10 - LIBRARY OF CONGRESS CALL NUMBER | |
| Classification number | QL 737 |
| Item number | Am75 2018 |
| 100 1# - MAIN ENTRY--PERSONAL NAME | |
| Personal name | Ampuan, Junaid S. |
| 245 10 - TITLE STATEMENT | |
| Title | Effects of Basella rubra Linn. (alugbati) fortified ice cream on the blood sugar level of Rattus norvegicus (albino mice) / |
| Statement of responsibility, etc. | Junaid S. Ampuan, Ma. Giselle L. Mesa, Cristy Jane Apollo |
| 264 #1 - PRODUCTION, PUBLICATION, DISTRIBUTION, MANUFACTURE, AND COPYRIGHT NOTICE | |
| Date of production, publication, distribution, manufacture, or copyright notice | January 2018 |
| 300 ## - PHYSICAL DESCRIPTION | |
| Extent | xiii, 62 leaves : |
| Other physical details | illustrations ; |
| Dimensions | 28.5 cm |
| 336 ## - CONTENT TYPE | |
| Source | rdacontent |
| Content type term | text |
| 336 ## - CONTENT TYPE | |
| Source | rdacontent |
| Content type term | still image |
| 337 ## - MEDIA TYPE | |
| Source | rdamedia |
| Media type term | unmediated |
| 338 ## - CARRIER TYPE | |
| Source | rdacarrier |
| Carrier type term | volume |
| 500 ## - GENERAL NOTE | |
| General note | Experimental Research Methodology |
| 502 ## - DISSERTATION NOTE | |
| Dissertation note | Thesis |
| Degree type | BS Biology |
| Name of granting institution | University of Rizal System. Cardona |
| Year degree granted | 2018 |
| 520 ## - SUMMARY, ETC. | |
| Summary, etc. | This study aimed to determine the effects of Basella rubra Linn. (Alugbati) fortified Ice cream on the blood sugar level of Rattus norvegicus (Albino mice).The study was focused on utilizing the potential and the uses of natural resourses in the environment. The study examined the effects of alugbati fortified ice cream in lowering the glucose level in albino mice in using experimental research design. The study used twenty four albino mice which divided into four cages and separates according to their sex to avoid pregnancy that may affect the result of the study. Flavonoids were present in alugbati palnts and it proves in this study in lowering the blood sugar level of albino mice. Treatment III has the highest effect in lowering the blood sugar level of mice after feeding with alugbati fortified ice cream with the concentration of 15%, followed by Treatment II with 10% and Treatment I with 5%. Control experimental mice increased the blood sugar level of mice may be due to the sugar content and other ingredients of commercial ice cream. Average was used to determine the effects of alugbati fortified ice cream in the blood sugar level in control and experimental albino mice before and after the feeding of ice cream. To determine significant difference of the effect of alugbati fortified ice cream in lowering blood sugar in mice, t-test was used. Anova was used to compare in the effect of different level of alugbati ice cream fed to mice. It was therefore concluded that the alugbati fortified ice cream has an effect to control higher the blood sugar level of Albino mice. Alugbati formulated ice cream was found effective in maintaining the blood sugar level due to the active ingredients, flavonoids that is were present on the said plant. |
| 524 ## - PREFERRED CITATION OF DESCRIBED MATERIALS NOTE | |
| Preferred citation of described materials note | Ampuan, J. S., Mesa, G. L. and Apollo, C. J. (2018). Effects of Basella rubra Linn. (alugbati) fortified ice cream on the blood sugar level of Rattus norvegicus (albino mice). Cardona: University of Rizal System. |
| 650 #0 - SUBJECT ADDED ENTRY--TOPICAL TERM | |
| Topical term or geographic name entry element | Basellaceae |
| 650 #0 - SUBJECT ADDED ENTRY--TOPICAL TERM | |
| Topical term or geographic name entry element | Rattus norvegicus |
| 700 1# - ADDED ENTRY--PERSONAL NAME | |
| Personal name | Mesa, Ma. Giselle L. |
| Relator term | author |
| 700 1# - ADDED ENTRY--PERSONAL NAME | |
| Personal name | Apollo, Cristy Jane |
| Relator term | author |
| 700 1# - ADDED ENTRY--PERSONAL NAME | |
| Personal name | Carlos, Stephen F. |
| Relator term | degree supervisor |
| 856 ## - ELECTRONIC LOCATION AND ACCESS | |
| Materials specified | Online Request for Student Unpublished Works |
| Uniform Resource Identifier | <a href="https://forms.gle/7LqvGGkaDrUQqz429">https://forms.gle/7LqvGGkaDrUQqz429</a> |
| 942 ## - ADDED ENTRY ELEMENTS (KOHA) | |
| Source of classification or shelving scheme | Library of Congress Classification |
| Koha item type | Theses and dissertations |
No items available.